Marketing na Internetu

Salvato in:
Dettagli Bibliografici
Autore principale: Stuchlík, Petr
Altri autori: Dvořáček, Martin
Natura: Libro
Lingua:ceco
Pubblicazione: Praha GRADA 2000
Serie:Manažer
Soggetti:
Tags: Aggiungi Tag
Nessun Tag, puoi essere il primo ad aggiungerne!!

MARC

LEADER 00000nam a2200000 4500
001 c124332
005 20240208073905.2
020 |a 80-7169-957-8 
041 0 |a cze 
044 |a CZ 
245 1 0 |a Marketing na Internetu  |c Petr Stuchlík, Martin Dvořáček 
264 1 |a Praha  |b GRADA  |c 2000 
300 |a 247 s. 
490 1 |a Manažer 
830 0 |a Manažer 
610 2 0 |a marketing 
610 2 0 |a siete počítačové 
610 2 0 |a obchod elektronický 
610 2 0 |a Amerika 
610 2 0 |a Česko 
610 2 0 |a služby 
610 2 0 |a marketing mix 
610 2 0 |a reklama 
610 2 0 |a internet 
100 1 |a Stuchlík, Petr 
700 1 |a Dvořáček, Martin